书目信息 |
| 题名: |
货币王朝
|
|
| 作者: | 里维斯 著 ;陈昊 译 | |
| 分册: | ||
| 出版信息: | 北京 中国华侨出版社 2008.07 |
|
| 页数: | 264页 | |
| 开本: | 24cm | |
| 丛书名: | ||
| 单 册: | ||
| 中图分类: | F835.619 | |
| 科图分类: | ||
| 主题词: | 金融--企业--经济史--英国 | |
| 电子资源: | ||
| ISBN: | 978-7-80222-643-2 | |
| 000 | 00794nam0 2200229 450 | |
| 001 | 1137446452 | |
| 005 | 20111227102610.95 | |
| 010 | @a978-7-80222-643-2@dCNY32.00 | |
| 100 | @a20111227d2008 km y0chiy0120 ea | |
| 101 | 1 | @achi@ceng |
| 102 | @aCN@b110000 | |
| 105 | @ay z 000yy | |
| 200 | 1 | @a货币王朝@Ahuo bi wang chao@e罗斯柴尔德的金融帝国@f(英) 约翰·里维斯著@F(ying)yue han·li wei si zhu@g陈昊等译@Gchen hao deng yi |
| 210 | @a北京@c中国华侨出版社@d2008.07 | |
| 215 | @a264页@d24cm | |
| 517 | 1 | @a罗斯柴尔德的金融帝国@Aluo si chai er de de jin rong di guo |
| 606 | 0 | @a金融@x企业@x经济史@y英国 |
| 690 | @aF835.619@v4 | |
| 701 | 1 | @a里维斯@Ali wei si@4著 |
| 702 | 0 | @a陈昊@Achen hao@4译 |
| 801 | 0 | @aCN@b大连网信软件有限公司图书馆·11@c20111227 |
| 905 | @aZUCC@dF835.619@eL352@f3 | |
| 货币王朝:罗斯柴尔德的金融帝国/(英) 约翰·里维斯著/陈昊等译.-北京:中国华侨出版社,2008.07 |
| 264页;24cm |
| ISBN 978-7-80222-643-2:CNY32.00 |
| ● |
| 相关链接 |
|
|
|
正题名:货币王朝
索取号:F835.619/L352
 
预约/预借
| 序号 | 登录号 | 条形码 | 馆藏地/架位号 | 状态 | 备注 |
| 1 | 1067793 | 210677935 | 社科二线422/422社科库 33排2列2层/ [索取号:F835.619/L352] | 在馆 | |
| 2 | 1067794 | 210677944 | 社科库409/409社科库 54排6列4层/ [索取号:F835.619/L352] | 在馆 | |
| 3 | 1067795 | 210677953 | 社科二线422/422社科库 33排2列2层/ [索取号:F835.619/L352] | 在馆 |